青岛啤酒建厂的省份- 扫雷模式 Provinces with Tsingtao Beer factories- suden death - Statistics

General Stats
  • This quiz has been taken 37 times
  • The average score is 8 of 22
Answers on the Grid
Answers color-coded by a green-red scale on the quiz's grid according to % correct below.
北京
天津
河北
山西
内蒙古
辽宁
吉林
黑龙江
上海
江苏
浙江
安徽
福建
江西
山东
河南
湖北
湖南
广东
广西
海南
重庆
四川
贵州
云南
西藏
陕西
甘肃
青海
宁夏
新疆
台湾
香港
澳门
 
Answer Stats
Answer % Correct
北京
73%
河北
73%
辽宁
73%
山东
67%
上海
60%
天津
53%
江苏
53%
广东
53%
浙江
47%
河南
47%
湖北
40%
四川
40%
安徽
33%
山西
27%
黑龙江
20%
湖南
20%
陕西
20%
福建
13%
广西
13%
云南
13%
江西
7%
甘肃
0%
No matching quizzes found
Score Distribution
Percent of People with Each Score
Percentile by Number Answered
Your Score History
You have not taken this quiz